Представление документа в формате RUSMARC

ПолеНазваниеЗначение
  Тип записи c
  Библиографический уровень m
001 Контрольный номер RU/УОНБ/EK_N/672679727
005 Дата корректировки 20250520124640.0
010 Индекс ISBN __
9 Тираж 2740 экз.
013 Номер (ISMN) __
d Цена 30 к.
071 Издательские номер (звукозапись и ноты) 21
a Номер, присвоенный агентством 4221
100 Данные общей обработки __
a Данные общей обработки 20210425d1967 u y0rusy0189||||ca
101 Язык документа 0_
a Язык текста rus
a Язык текста spa
f Язык титульного листа rus
102 Страна публикации __
a Страна публикации RU
105 Кодированные данные (монография) __
a Кодированные данные (монография) y###||||000|y
125 Кодированные данные звукозаписи и нотных изданий __
a Форма изложения нотного текста с|
128 Кодированные данные (звукозаписи-физические характеристики) __
a Кодированные данные: Музыкальная форма и тональность или лад ccn
b Инструменты или голоса, необходимые для ансамблей (устаревшее) ka||
c Инструменты или голоса, рекомендуемые для солистов (устаревшее) vu||
200 Заглавие и сведения об ответственности 1_
a Заглавие Песни композиторов Кубы
b Общее обозначение материала Ноты
e Сведения, относящиеся к заглавию для голоса в сопровожд. фп.
f Первые сведения об ответственности сост. Н. Делициева
210 Выходные данные 1_
a Место издания Москва
c Издательство Музыка
d Дата издания 1967
215 Физическое описание __
a Объем 24 с.
d Формат 29 см
300 Общие примечания __
a Общие примечания Текст парал. на рус. и исп. яз.
327 Примечание о содержании 11
a Примечание о содержании Содерж. : Катурла А. Дорогие уста : колыбельная ; Томление ; Клянусь, родная, тебя любить! : криолья-болеро. - Анкерман Х. Шепчущий ручей (Гуахира). - Грене Э. Йамбамбо : негритян. песня. - Пратс Р. Мария Белен Чакон : кубин. романс. - Вальдес Х. Оггере : колыбельная.
464 Аналитический уровень _0
1 2001
a Йамбамбо
e Все пойте конго-солонго...
e негритян. песня
1 700 1
a Грене
b Э.
1 702 1
a Гильен
b Н.
4 520
1 702 1
a Грушко
b П.
4 730
464 Аналитический уровень _0
1 2001
a Оггере
e Звонят колокола...
e колыбельная
1 700 1
a Вальдес
b Х.
1 702 1
a Грушко
b П.
4 730
464 Аналитический уровень _0
1 2001
a Дорогие уста
e Светят с портрета мне...
e колыбельная
1 700 1
a Катурла
b А. Г.
1 702 1
a Никольский
b В.
4 730
464 Аналитический уровень _0
1 2001
a Шепчущий ручей
a Гуахира
e Звонкий ручей голосистый...
1 700 1
a Анкерман
b Х.
1 702 1
a Никольский
b В.
4 730
464 Аналитический уровень _0
1 2001
a Мария Белен Чакон
e Его ты любила...
e кубин. романс
1 700 1
a Пратс
b Р.
1 702 1
a Санчес Арсилья
b Х.
4 520
1 702 1
a Грушко
b П.
4 730
464 Аналитический уровень _0
1 2001
a Томление
e Крошка-мулатка! Как я тоскую!..
1 700 1
a Катурла
b А. Г.
1 702 1
a Никольский
b В.
4 730
464 Аналитический уровень _0
1 2001
a Клянусь, родная, тебя любить!
e Тебя люблю я...
e криолья-болеро
1 700 1
a Катурла
b А. Г.
1 702 1
a Никольский
b В.
4 730
512 Заглавие обложки 1_
a Заглавие обложки Песни композиторов Кубы
606 Тематические рубрики 0_
a Основная рубрика Песни композиторов Кубы
y Географическая подрубрика Куба
610 Ключевые слова 0_
a Ключевые слова песни кубинских композиторов
686 Индексы других классификаций __
a Классификационный индекс 85.943.4-42-041.5(3)я43
2 Код системы rubbk
702 Вторичная интеллектуальная ответственность _1
a Фамилия Делициева
b Имя (инициалы) Н. Н.
4 Код отношения 220
801 Источник записи _0
a Страна RU
b Организация Ульяновская ОНБ
c Дата составления 20210425
g Правила каталогизации RCR
801 Источник записи _1
a Страна RU
b Организация Ульяновская ОНБ
c Дата составления 20210425
g Правила каталогизации RCR
901 Тип документа __
t Тип документа m
909 Создатель записи __
a Создатель записи Грязнова И. Е.
938 Служебная информация __
a Имя БД noti
b Имя библиотеки УОНБ
c Имя АИБС МАРК-SQL
d Номер DOC_ID в БД 23841